Cesty zvýšenia účinnosti antidiskriminačného zákona
Porušovanie a skryté obchádzanie antidiskriminačného zákona. Subjekty, ktoré môžu svojou cieľavedomou činnosťou výrazne pomôcť zvýšiť mieru dodržiavania zákona a ich činnosti, ktoré vedú k vedomému dodržiavaniu antidiskriminačného zákona.
Salvato in:
| Autore principale: | |
|---|---|
| Natura: | Capitolo di libro |
| Lingua: | slovacco |
| Soggetti: | |
| Tags: |
Nessun Tag, puoi essere il primo ad aggiungerne!!
|
MARC
| LEADER | 00000nla a2200000 4500 | ||
|---|---|---|---|
| 001 | 0168632 | ||
| 005 | 20240502072933.0 | ||
| 041 | 0 | |a slo | |
| 044 | |a SK | ||
| 245 | 1 | 0 | |a Cesty zvýšenia účinnosti antidiskriminačného zákona |c Rudolf Gálik |
| 520 | |a Porušovanie a skryté obchádzanie antidiskriminačného zákona. Subjekty, ktoré môžu svojou cieľavedomou činnosťou výrazne pomôcť zvýšiť mieru dodržiavania zákona a ich činnosti, ktoré vedú k vedomému dodržiavaniu antidiskriminačného zákona. | ||
| 610 | 2 | 0 | |a zákony |
| 610 | 2 | 0 | |a diskriminácia |
| 610 | 2 | 0 | |a pracovisko |
| 610 | 2 | 0 | |a práva ľudské |
| 610 | 2 | 0 | |a práva pracovníkov |
| 610 | 2 | 0 | |a riadenie ľudských zdrojov |
| 610 | 2 | 0 | |a manažment |
| 610 | 2 | 0 | |a súdy |
| 610 | 2 | 0 | |a školy vysoké |
| 100 | 1 | |a Gálik, Rudolf | |